| 000 | 00368nam a2200133Ia 4500 | ||
|---|---|---|---|
| 008 | 210430s9999 xx 000 0 und d | ||
| 020 | _a0-47197901-5 | ||
| 082 | _a660.634 B6151 B | ||
| 100 |
_aS.M.Roberts _954188 |
||
| 245 |
_aBiocatalysts for fine Chemicals Synthesis / _cS.M.Roberts |
||
| 260 |
_aNew york _bJohn Wiley _c1999 |
||
| 300 | _a1.17p | ||
| 942 |
_cBK _2ddc |
||
| 999 |
_c564669 _d564669 |
||